| 000 | 00841nam a2200253 4500 | ||
|---|---|---|---|
| 999 |
_c1280 _d1280 |
||
| 001 | 1280 | ||
| 003 | BD-JhCC | ||
| 005 | 20171022124332.0 | ||
| 008 | 171017s2010 bg |||| |||| 000 0 ben d | ||
| 020 | _a9847011201153 | ||
| 035 | _a(BD-JhCC) 1280 | ||
| 040 |
_aBD-JhCC _dBD-JhCC |
||
| 041 | _aben | ||
| 082 |
_a823 _bMEA 2010 |
||
| 100 | _aমেয়ার, স্টেফিন | ||
| 245 |
_aব্রেকিং ডন / _cস্টেফিন মেয়ার, ; বশীর বারহান, তাহমিনা সানি (অনু.) |
||
| 260 |
_aঢাকা _bঝিনুক প্রকাশনী _c2010 |
||
| 300 |
_a415 p. : _c21 cm. |
||
| 650 | _aEnglish Fiction | ||
| 700 | _aবারহান, বশীর | ||
| 700 | _aসানি, তাহমিনা | ||
| 942 |
_2ddc _cBK |
||